00715nam a2200217Ia 4500003000400000005001700004008004100021020001500062040001800077041000800095082002000103100002100123245011100144250003500255260004600290300002900336650004100365650004800406700002000454700002300474OSt20220205105508.0210716s2006 xx 000 0 und d a8126508655 cAIMIT LIBRARY aeng a658.4 21bHITM aHitt, Michael A. aOrganizational behavior:ba strategic approach /cBy Michael A. Hitt, C. Chet Miller and Adrienne Colella. a1st ed.bWiley Student Edition aNew Delhi :bWiley India Pvt Ltd ,c2006. aXxxii, 590p. ;c23.5 cm. aOrganisational structure and culture aOrganizational behavior in a global context aMiller, C Chet. aColella, Adrienne.